Normal view
MARC view
- Aguascalientes
Entry Nombre Geográfico
001 - NÚMERO DE CONTROL
- campo de control: 1931
003 - IDENTIFICADOR DE NUMERO DE CONTROL
- campo de control: UPN
005 - FECHA Y HORA DE LA ÜLTIMA TRANSACCIÓN
- campo de control: 20230509192500.0
008 - DATOS DE LONGITUD FIJA
- campo de control de longitud fija: 230509nn fcznnaaba n ana |d
035 ## - NÚMERO DE CONTROL
- Número de control: UPN10000001931
040 ## - FUENTE DE CATALOGACIÓN
- Lenguaje de catalogación: spa
- Agencia de catalogación original: MX-MxUPN
151 ## - ENCABEZAMIENTO - NOMBRE GEOGRÁFICO
- Nombre geográfico: Aguascalientes
- Subdivisión general : Historia
670 ## - FUENTE EN LA QUE SE LOCALIZARON DATOS
- Cita de la fuente: Escamilla González, G. Lista de encabezamientos de materia, 1978:
- Información localizada: página 27 (Aguascalientes -- Historia)
902 ## - CATALOGADOR
- Catalogador: MEEG/210596
- Catalogador: VíctorGodínez/090523
